000 00542nam a2200193Ia 4500
005 20250508160305.0
008 008 250505s9999 xx 000 0 eng d
037 _aBooks to be hide in OPAC
040 _aFEDL
_beng
_cFEDL
041 _aeng
_2eng
084 _a420, QUI
_qFEDL
100 _aQuirk R
_969023
245 0 _aUse of english
260 _aLondon, UK
_bLongmans, Green and Co.
_c1968
300 _aviii,370p
700 _a Gimson A C Warburg Jeremy
_9768249
942 _cHB
_h420, QUI
999 _c1363410
_d1363410